Artistas que colaboraron con Duki - Estadísticas

Estadísticas generales
  • Esta prueba ha sido intentada 49 veces
  • La puntuación promedio es 53 de 161
Estadísticas de respuestas
Canciones País Artista % Correcto
B.U.H.O, She Don't Give a Fo, Loca, Loca Remix, Cupido Remix, Makina de Armado, Hitboy, Tengo 30, It's A Vibe, Ánimo, Gelato 44, Jimmy Fallon Remix, Ademas de Mí Remix, WACHA, Muriendome, Sexy, Remember Me, Mi Señora . KHEA
94%
Loca Remix, Hablamos Mañana . Bad Bunny
91%
Loca, Loca Remix, Tumbando el Club Remix, La Clase, Tengo 30 . Cazzu
91%
Constelación . Lia Kali
91%
Hijo de la Noche, Fvck Luv, Lost Tape, Alas, Vampiros, Ella es una G, Tumbando el Club Remix, Goteo Remix, Jimmy Fallon Remix, Basura, Tu Nombre Remix, Lambo Remix, INTERESTELAR, hARAkiRi . C.R.O
89%
como si no importara, Esto Recién Empieza, Los del Espacio . Emilia Mernes
86%
Tumbando el Club Remix, La Jefatura, Blood Remix, Perdoname Si Llego Tarde, Jimmy Fallon Remix, Tamo Real, Cuanto, 01 dE ENEro, Casa Blanca, No Drama . Lucho SSJ
86%
Quavo, Makina de Armado, TRAP.N.EXPORT, Colombiana Remix, Tumbando el Club Remix, Vuelta a la Luna Remix, La Clase, Bebo Champagne y Lo Tiro, Tengo 30, 5 Stars, Pininfarina Remix, Tu Nombre Remix, En el Banco, TRAPPIST-1, Fifty Fifty, PACTO, Starboy Remix . Neo Pistea
86%
La Cooperativa de la Droga, Hijo de la Noche, Quavo, Guapo, No Se, Vuelta Al Mundo, TRAP.N.EXPORT, Tumbando el Club Remix, Vuelta a la Luna Remix, Tussi, La Clase, A Punta de Espada, Calor Remix, Pintao, SONIDO DEL AÑO, Hambre de Más, NO DA MÁS . YSY A
86%
Vivimo Caro Remix, One Million Dollar Baby, Gelato, Sin Frenos, Todo Lit, Hardaway . Eladio Carrión
83%
Ademas de Mí Remix, Los del Espacio . Maria Becerra
83%
Vivimo Caro Remix, Bottas, Wake Up & Bake Up . Arcángel
80%
Like Boss Remix, Malbec, YaMeFui, Unfollow, Sin Frenos, BZRP Music Sessions #50, Bottas, 3 Estrellas en el Conjunto, Remember Me, Buscarte Lejos . Bizarrap
80%
Ademas de Mí Remix, No Me Conocen Remix, Los del Espacio, RCP . Tiago PZK
80%
Shorty, YaMeFui, Mari Sola Remix, MASCARA . Nicki Nicole
77%
Misiones Remix, Envy Me Freestyle, Goteo Remix, Hablamos Mañana, Tamo Real, Fifty Fifty, Minimo Esfuerzo, Nena Sad Remix . Pablo Chill-E
77%
Si Quieren Frontear, don't liE, Nena Sad Remix . Quevedo
77%
PANAMÁ . Trueno
77%
Ademas de Mí Remix, Mala Mía, Los del Espacio, AEROBICO REMIX . Lit Killah
74%
AEROBICO REMIX, Vida De Rock . Milo J
74%
Ademas de Mí Remix, Bailando Te Conocí, Los del Espacio . RusherKing
71%
Amor Bipolar . Mora
69%
Party en el Barrio . Paulo Londra
66%
2:50 Remix . TINI
66%
Sigo Fresh Remix, Nueva Era . Myke Towers
63%
Día de Pago, No Drama . Ovi
63%
INTERESTELAR, Tu Nombre, Los del Espacio . FMK
60%
B.U.H.O, Ánimo, Cara de Diablo . Midel
57%
París . Morat
57%
NO SON KLLE, Alley Oop . Peso Pluma
57%
Pininfarina Remix, Pintao, No Me Conocen Remix, UN MONTÓN . Rei
57%
Goteo Remix, Sin Mirar, Pastillas, No Es Para Tanto, Volver A Empezar, (Ameri) . Asan
54%
AEROBICO REMIX, SONIDO DEL AÑO, AGRIDULCE . Bhavi
54%
RoCKSTAR 2.0 . JHAYCO
54%
Trato De Estar Bien . Morad
54%
Hablamos Poco Hacemos Mucho, DEL ESTUDIO AL ESTADIO . Seven Kayne
51%
Sigo Fresh, TRAPPERZ A Mafia Da Silicia, Cereza, Sigo Fresh Remix, Café, Una Vaina Loca . Fuego
49%
Mi Señora . La Joaqui
49%
TRAPPERZ A Mafia Da Silicia . Rauw Alejandro
49%
Una Vaina Loca . Manuel Turizo
46%
Colombiana, Colombiana Remix, Tumbando el Club Remix, Tussi, La Jefatura, Perdiendo el Tiempo . Marcianos Crew
46%
2:50 Remix . MYA
46%
Sigo Fresh Remix, Si Quieren Frontear . De La Ghetto
43%
Sin Culpa . DrefQuila
43%
Paranoia, 24K, Impala, Like Boss Remix, Perrea, No Melody Fuck . Frijo
43%
Punto Pa Mi, Salgo Pa La Calle, Louis Voitton, Baby Pluto, CEO . Mesita
43%
Tumbando el Club Remix, H.I.E.L.O., Angelito, Fifty Fifty . Obie Wanshot
43%
OTRO CHEKE, Aleluya Remix, YIN YAN . Rels B
43%
Wake Up & Bake Up . Wiz Khalifa
43%
(Casi toda su carrera) . Yesan
43%
Los del Espacio, antes de perderte . Big One
40%
aGaRRO La PLaTa . Clúster
40%
Imperio . Judeline
40%
5 Stars, Like Boss Remix, Run Run Stop, La Gringa . Polimá Westcoast
40%
Starboy Remix, Calabasas . Zell
40%
Muero de Fiesta Este Finde . Ca7riel
37%
Mari Sola Remix . Cris MJ
37%
PLÁSTICO . Lali
37%
Cupido, Cupido Remix, One Million Dollar Baby, Miami . Sfera Ebbasta
37%
Flex Like Trunkz, Fifty Fifty, DOLCE . Young Cister
37%
Like Boss Remix, CSIpher . Akapellah
34%
Me Gusta Lo Simple, Aleluya Remix . Alemán
34%
It's A Vibe, 5 Stars . C. Tangana
34%
Colombiana, Colombiana Remix, Basado en hechos reales, Perdiendo el Tiempo . Homer El Mero Mero
34%
Sol, Eres Para Mí . Lara91k
34%
Ready for the Night, F4k3s, Lunes No Va Bien . NahueMC
34%
B.U.H.O, Loca, Loca Remix . Omar Varela
34%
Pantera . Rvfv
34%
Cupido . J Balvin
31%
MANHATTAN . Nathy Peluso
31%
En el Banco, CSIpher . Neutro Shorty
31%
Piensa en Mí . Sticky M.A.
31%
I Dance, Hardaway . YG
31%
ROSA NEGRA . ACRU
29%
Santo Grial, Notorio . Dano
29%
La Gringa . El Alfa
29%
No Me Llores . Leby
29%
Ella Es Mi Bitch, Otra Vez . Pekeño 77
29%
uNO Dos . Salastkbron
29%
Sake, Perrea, MUEVETE, Lambo Remix, cONTRA><Mi . WEST DUBAI
29%
I.D.K., Like Boss Remix . Zanto
29%
BICI . Ak4:20
26%
B.U.H.O . Arse
26%
Lo Olvidaste . Dani Ribba
26%
Unfollow . Justin Quiles
26%
Hambre de Más . Klan
26%
Txdx Violeta . Klave
26%
Cupido Remix . Quavo
26%
Valentino . Tobi
26%
No Me Conocen Remix . BANDIDO
23%
YO SOY EL RMX . Callejero Fino
23%
BICI . Juanka
23%
BICI . Juhn
23%
24 . Kidd Keo
23%
3 Estrellas en el Conjunto . La T y La M
23%
No Confundan . Malandro
23%
Vai Sentado . Skrillex
23%
Mari Sola Remix . Standly
23%
Nena Sad Remix . 0-600
20%
Cupido . Anitta
20%
Tumbando el Club Remix . Coqeéin Montana
20%
Vai Sentado . LUDMILLA
20%
Blood Remix, Like Boss Remix, MUEVETE . Moonkey
20%
Carita Morena . Omar Montes
20%
Run Run Stop, NO DA MÁS . ONIRIA
20%
Fornai, Smoke a Lot, Nena Sad Remix . Orodembow
20%
Me Enseñaste Remix . Sael
20%
Paranoia, 24K, Sapo, Impala, Like Boss Remix . Santoz
20%
Ferrari, Ferrari Remix . DICC
17%
Cuanto . FARIANA
17%
Brindis . Headie One
17%
Fifty Fifty . Julianno Sosa
17%
CSIpher . Micro TDH
17%
Tengo 30, Aguacero . Tali Goya
17%
Bebo Champagne y Lo Tiro . Yung Beef
17%
TRAPPERZ A Mafia Da Silicia . MC Davo
14%
Santo Grial . Mir Nicolas
14%
Perrea, Vida Eterna, Basura . NEGRO DUB
14%
Cypher MND #16 . Mundialista Crew
11%
NO SON KLLE . Santa Fe Klan
11%
EXIT . Sick Luke
11%
Entre Cuatro Paredes . Vicentico
11%
La Gringa . Yandel
11%
Goteo Remix . Capo Plaza
9%
Lambo Remix . Chucky73
9%
I Dance . Cuco
9%
Cupido Remix . Elettra Lamborghini
9%
Ella Es Mi Bitch . Franux BB
9%
AIRDROP . Harry Nach
9%
Vai Sentado . King Doudou
9%
EXIT . Lazza
9%
Goteo Remix, Miami . RONNY J
9%
Ready for the Night . 808god
6%
TRAPPERZ A Mafia Da Silicia . Felp 22
6%
Vivimo Caro Remix . Jon Z
6%
Sigo Fresh Remix, 24, Tu Nombre Remix, Hustling & Grinding . Juicy J
6%
It's A Vibe . Leebrian
6%
Alley Oop . Nigo
6%
Ferrari Remix . Quimico Ultra Mega
6%
Blood Remix . Recycled J
6%
Piensa en Mí . Steve Lean
6%
Casa Blanca . Awesome Pierre
3%
Down Girl . Benji Blue Bills
3%
Down Girl . BNYX
3%
Ferrari Remix . Cecilio G.
3%
Nota Especial . CLUB HATS
3%
La Gringa . El Cherry Scom
3%
Cupido . G-Eazy
3%
Cupido . Jeon
3%
La Gringa . Lil Jon
3%
Envy Me Freestyle . Lito Kirino
3%
B.U.H.O, Loca, Loca Remix . MYKKA
3%
Miles . Poison Kid
3%
La Cooperativa de la Droga . Scxlvry
3%
Gelato . Smokepurpp
3%
Basado en hechos reales . Dellalowla
0%
Rally . GARZI
0%
Ferrari Remix . Gustavo Elis
0%
Cupido . MC Fioti
0%
Sake, Lambo Remix . Nake
0%
OTRO CHEKE . The Rudeboyz
0%
No se encontraron pruebas coincidentes
Distribución de puntuación
Porcentaje de gente con cada puntuación
Porcentaje por número respondido
Historial de tus puntuaciones
No has intentado esta prueba.